[Event "ODJM A 2016"]
[Site "Willingen GER"]
[Date "2016.05.15"]
[Round "2"]
[White "Hesse, Henrik"]
[Black "Troyke, Jannis"]
[Result "1-0"]
[Termination "normal"]
[Board "25"]
[WhiteElo "1922"]
[BlackElo "1760"]
[PlyCount "81"]
[WhiteFideId "12952060"]
[BlackFideId "12993115"]
[EventCountry "GER"]
[EventRounds "9"]
[EventType "swiss"]
[EventDate "2016.05.14"]

1. d4 Nf6 2. c4 g6 3. Nc3 Bg7 4. e4 O-O 5. Nf3 d6 6. Be2 e5 7. d5 Nbd7 8. O-O
Ne8 9. Ne1 f5 10. b4 f4 11. Nd3 Ndf6 12. c5 g5 13. f3 h5 14. cxd6 cxd6 15. Qb3
g4 16. Bd2 Qb6+ 17. Kh1 g3 18. Na4 Qd8 19. hxg3 fxg3 20. Bg5 Kh8 21. Bh4 Rg8
22. Bxg3 Bh6 23. Bh2 Nh7 24. f4 Qh4 25. fxe5 b5 26. Nab2 Bg4 27. Qd1 Ng5 28. g3
Qh3 29. Nf2 Bxe2 30. Qxe2 Qd7 31. Qxh5 Qh7 32. Ng4 Qxe4+ 33. Kg1 Qd4+ 34. Rf2
Nf3+ 35. Kg2 Rxg4 36. Qxh6+ Kg8 37. Qe6+ Kh7 38. Qf5+ Kh8 39. Qf8+ Kh7 40. Qxf3
dxe5 41. Qd3+ 1-0

[Event "ODJM A 2016"]
[Site "Willingen GER"]
[Date "2016.05.15"]
[Round "2"]
[White "Kornitzky, Tino"]
[Black "Balazs, Balint"]
[Result "1-0"]
[Termination "normal"]
[Board "26"]
[WhiteElo "1812"]
[BlackElo "2145"]
[PlyCount "57"]
[WhiteFideId "12970379"]
[BlackFideId "12922757"]
[EventCountry "GER"]
[EventRounds "9"]
[EventType "swiss"]
[EventDate "2016.05.14"]

1. d4 Nf6 2. c4 c5 3. d5 e6 4. Nc3 exd5 5. cxd5 d6 6. e4 g6 7. f4 Bg7 8. Bb5+
Nfd7 9. Be2 O-O 10. Nf3 Re8 11. O-O Nf6 12. e5 dxe5 13. fxe5 Ng4 14. Bb5 Bd7
15. e6 fxe6 16. Bc4 Na6 17. dxe6 Bxe6 18. Bxe6+ Rxe6 19. Qb3 Bd4+ 20. Kh1 Qb6
21. Qc4 Kg7 22. Nxd4 cxd4 23. Nd5 Qc6 24. Qxd4+ Kg8 25. Bg5 Qd7 26. Rad1 Ne5
27. Qxe5 Rxe5 28. Nf6+ Kh8 29. Rxd7 1-0

[Event "ODJM A 2016"]
[Site "Willingen GER"]
[Date "2016.05.15"]
[Round "2"]
[White "Gorainow, Nikita"]
[Black "Lutter, Maximilian"]
[Result "1/2-1/2"]
[Termination "normal"]
[Board "27"]
[WhiteElo "1779"]
[BlackElo "1896"]
[PlyCount "68"]
[WhiteFideId "12970093"]
[BlackFideId "12934402"]
[EventCountry "GER"]
[EventRounds "9"]
[EventType "swiss"]
[EventDate "2016.05.14"]

1. e4 d6 2. d4 Nf6 3. Nc3 e5 4. Nf3 exd4 5. Nxd4 Be7 6. Bc4 O-O 7. O-O Nxe4 8.
Nxe4 d5 9. Bd3 dxe4 10. Bxe4 Re8 11. Be3 Nd7 12. c3 Nf6 13. Bf3 a6 14. Qb3 c5
15. Ne2 Qc7 16. Bf4 Bd6 17. Bxd6 Qxd6 18. Rad1 Qc7 19. Ng3 Rb8 20. Rfe1 Be6 21.
Qc2 Qa5 22. a3 Qb5 23. b4 cxb4 24. axb4 a5 25. Ne4 Nxe4 26. Bxe4 g6 27. Bd3 Qg5
28. bxa5 Qxa5 29. Rb1 Rbc8 30. c4 b5 31. Re5 Bxc4 32. Rxe8+ Rxe8 33. Bxc4 bxc4
34. Qxc4 Re1+ 1/2-1/2

[Event "ODJM A 2016"]
[Site "Willingen GER"]
[Date "2016.05.15"]
[Round "2"]
[White "Küppers, Timo"]
[Black "Elier, Ali"]
[Result "1-0"]
[Termination "normal"]
[Board "28"]
[WhiteElo "1894"]
[BlackElo "1778"]
[PlyCount "55"]
[WhiteFideId "16205820"]
[BlackFideId "16217543"]
[EventCountry "GER"]
[EventRounds "9"]
[EventType "swiss"]
[EventDate "2016.05.14"]

1. c4 e5 2. g3 d5 3. cxd5 c6 4. dxc6 Nxc6 5. Bg2 Bc5 6. Nc3 Nf6 7. Nf3 O-O 8.
O-O Qc7 9. d3 Be6 10. Bg5 Nd5 11. a3 Nxc3 12. bxc3 f6 13. Bd2 Rfd8 14. Qc2 Rac8
15. Rfb1 b6 16. Be1 Qe7 17. Nd2 Bxa3 18. Qa4 Qb4 19. cxb4 b5 20. Qxa3 Nd4 21.
Qxa7 Nf3+ 22. Bxf3 Ra8 23. Bxa8 h5 24. Qc7 Rd7 25. Qxd7 Bd5 26. Ra7 Bb7 27.
Rxb7 Kf8 28. Rb8# 1-0

[Event "ODJM A 2016"]
[Site "Willingen GER"]
[Date "2016.05.15"]
[Round "2"]
[White "Kast, Larissa"]
[Black "Visvikis, Christos"]
[Result "0-1"]
[Termination "normal"]
[Board "29"]
[WhiteElo "1567"]
[BlackElo "1894"]
[PlyCount "120"]
[WhiteFideId "24699055"]
[BlackFideId "12967955"]
[EventCountry "GER"]
[EventRounds "9"]
[EventType "swiss"]
[EventDate "2016.05.14"]

1. e4 c5 2. Nf3 d6 3. d4 cxd4 4. Nxd4 Nf6 5. f3 e5 6. Bb5+ Bd7 7. Bxd7+ Qxd7 8.
Ne2 d5 9. exd5 Nxd5 10. Nbc3 Nb4 11. Be3 Qxd1+ 12. Kxd1 N8c6 13. Kc1 O-O-O 14.
a3 Na6 15. Rd1 Bc5 16. Bxc5 Nxc5 17. Rd2 Rhe8 18. b4 Ne6 19. Rxd8+ Rxd8 20. Kb2
Ncd4 21. Nxd4 exd4 22. Ne2 Kc7 23. Rd1 Rd5 24. Kb3 Rg5 25. g3 Rh5 26. h4 Re5
27. Ng1 b5 28. Kb2 Re3 29. Rd2 Kc6 30. Re2 Rc3 31. Rd2 Re3 32. Re2 Kd5 33. Rxe3
dxe3 34. Kc3 f5 35. Ne2 Ke5 36. Kd3 f4 37. g4 g5 38. h5 a6 39. c3 Nd8 40. c4
Nb7 41. c5 Nd8 42. Nd4 Kd5 43. Ne2 Nc6 44. Nc3+ Ke6 45. Ke2 Nd4+ 46. Kf1 Nxf3
47. Ne4 Nh2+ 48. Ke2 h6 49. Nxg5+ hxg5 50. h6 f3+ 51. Kxe3 Nxg4+ 52. Kxf3 Nxh6
53. Ke4 g4 54. Kd4 g3 55. Ke3 Nf5+ 56. Kf3 Kd5 57. Kg2 Ne3+ 58. Kxg3 Nc2 59.
Kf3 Nxa3 60. Ke2 Nc2 0-1

[Event "ODJM A 2016"]
[Site "Willingen GER"]
[Date "2016.05.15"]
[Round "2"]
[White "Buhr, Patrick"]
[Black "Marx, Inga"]
[Result "1-0"]
[Termination "normal"]
[Board "30"]
[WhiteElo "1744"]
[BlackElo "1759"]
[PlyCount "43"]
[WhiteFideId "16206436"]
[BlackFideId "4654749"]
[EventCountry "GER"]
[EventRounds "9"]
[EventType "swiss"]
[EventDate "2016.05.14"]

1. c4 e5 2. Nc3 Nf6 3. g3 c6 4. Nf3 Bd6 5. Bg2 O-O 6. O-O Bc7 7. d4 e4 8. Ne1
d5 9. Bg5 a6 10. Bxf6 gxf6 11. cxd5 cxd5 12. Qb3 Nc6 13. e3 Ne7 14. Nc2 b6 15.
a4 Be6 16. Rfc1 Qd6 17. Nb4 Rfd8 18. Bf1 Bc8 19. Bxa6 Rxa6 20. Nb5 Qd7 21. Nxa6
Bxa6 22. Rxc7 1-0

[Event "ODJM A 2016"]
[Site "Willingen GER"]
[Date "2016.05.15"]
[Round "2"]
[White "Rose, Luis Stratos"]
[Black "Thumm, Felix"]
[Result "0-1"]
[Termination "normal"]
[Board "31"]
[WhiteElo "1385"]
[BlackElo "1939"]
[PlyCount "58"]
[WhiteFideId "12976008"]
[BlackFideId "12902209"]
[EventCountry "GER"]
[EventRounds "9"]
[EventType "swiss"]
[EventDate "2016.05.14"]

1. d4 d5 2. c4 e6 3. Nc3 Nf6 4. cxd5 Nxd5 5. e4 Nxc3 6. bxc3 Be7 7. Nf3 b6 8.
Bd3 Bb7 9. O-O c5 10. Be3 Nd7 11. Rc1 Rc8 12. Qe2 O-O 13. Nd2 f5 14. exf5 exf5
15. Bf4 Bg5 16. Be5 Nxe5 17. dxe5 Bxd2 18. Bc4+ Kh8 19. Rcd1 Qg5 20. f4 Bxf4
21. Rxf4 Qxf4 22. e6 Qg4 23. Qxg4 fxg4 24. e7 Rfe8 25. Rd7 Bc6 26. Rxa7 g6 27.
Be6 Rb8 28. Rc7 Be4 29. Bd7 Kg7 0-1

[Event "ODJM A 2016"]
[Site "Willingen GER"]
[Date "2016.05.15"]
[Round "2"]
[White "Buller, Ian Joshua"]
[Black "Richter, Nils"]
[Result "0-1"]
[Termination "normal"]
[Board "32"]
[WhiteElo "1424"]
[BlackElo "1826"]
[PlyCount "90"]
[WhiteFideId "12990655"]
[BlackFideId "12990809"]
[EventCountry "GER"]
[EventRounds "9"]
[EventType "swiss"]
[EventDate "2016.05.14"]

1. e4 c5 2. Nf3 Nc6 3. Nc3 d6 4. d4 cxd4 5. Nxd4 Nf6 6. Be2 e6 7. O-O Be7 8.
Be3 O-O 9. f4 a6 10. Kh1 Qc7 11. a4 Bd7 12. Qe1 Rfd8 13. Qg3 Bf8 14. e5 dxe5
15. Nxc6 Bxc6 16. fxe5 Nd5 17. Nxd5 Bxd5 18. Bd3 Bc4 19. Bxc4 Qxc4 20. Qf2 Rd7
21. b3 Qe4 22. Rad1 Rad8 23. Bb6 Rxd1 24. Qxf7+ Kh8 25. Bxd8 Rxf1+ 26. Qxf1 Kg8
27. h3 Qxe5 28. Bb6 Qe4 29. Qd3 Qc6 30. Be3 e5 31. Qf5 e4 32. Qf2 Qf6 33. Qxf6
gxf6 34. g4 Kf7 35. Kg2 Ke6 36. c4 Bb4 37. Kg3 Ke5 38. Kh4 Bc3 39. Kg3 Be1+ 40.
Kg2 Bh4 41. Kf1 Bg5 42. Ke2 Bxe3 43. Kxe3 a5 44. h4 b6 45. h5 h6 0-1

[Event "ODJM A 2016"]
[Site "Willingen GER"]
[Date "2016.05.15"]
[Round "2"]
[White "Wieber, Dominik"]
[Black "Fromm, Johannes"]
[Result "1/2-1/2"]
[Termination "normal"]
[Board "33"]
[WhiteElo "1855"]
[BlackElo "1467"]
[PlyCount "52"]
[WhiteFideId "24699012"]
[BlackFideId "12993204"]
[EventCountry "GER"]
[EventRounds "9"]
[EventType "swiss"]
[EventDate "2016.05.14"]

1. e4 c5 2. Nf3 Nc6 3. b3 Nf6 4. e5 Nd5 5. Bb2 e6 6. Na3 Be7 7. g3 f6 8. c4 Nc7
9. Bd3 O-O 10. Qc2 h6 11. Bh7+ Kh8 12. Nh4 f5 13. Ng6+ Kxh7 14. Nxf8+ Qxf8 15.
O-O-O Nb4 16. Qb1 b6 17. f3 Bb7 18. Rdf1 Rd8 19. Rhg1 d6 20. exd6 Rxd6 21. g4
Nd3+ 22. Kd1 Nxb2+ 23. Qxb2 Bg5 24. Nb1 Rd4 25. Qc2 Na6 26. a3 Kh8 1/2-1/2

[Event "ODJM A 2016"]
[Site "Willingen GER"]
[Date "2016.05.15"]
[Round "2"]
[White "Weber, Jannis"]
[Black "Stockter, Jasper Enno"]
[Result "1-0"]
[Termination "normal"]
[Board "34"]
[WhiteElo "1865"]
[BlackElo "1479"]
[PlyCount "77"]
[WhiteFideId "12990760"]
[BlackFideId "12957291"]
[EventCountry "GER"]
[EventRounds "9"]
[EventType "swiss"]
[EventDate "2016.05.14"]

1. e4 e6 2. d4 d5 3. Nc3 Nf6 4. Bg5 Be7 5. e5 Nfd7 6. h4 O-O 7. Nf3 h6 8. Be3
c5 9. Qd2 cxd4 10. Bxd4 Bc5 11. Bxc5 Nxc5 12. Bd3 Bd7 13. g4 Qb6 14. h5 Nxd3+
15. cxd3 f6 16. Rg1 Nc6 17. d4 fxe5 18. Nxe5 Nxd4 19. O-O-O Rxf2 20. Nxd7 Rxd2
21. Nxb6 Rxd1+ 22. Rxd1 axb6 23. Rxd4 Kf7 24. Rf4+ Ke7 25. a3 Rc8 26. Kd2 Rc6
27. Kd3 e5 28. Rb4 Kd6 29. Rb5 e4+ 30. Ke2 Ke6 31. Nxd5 Rc5 32. Nc3 Rxb5 33.
Nxb5 Kf6 34. Kf2 Kg5 35. Kg3 g6 36. hxg6 Kxg6 37. Kf4 h5 38. gxh5+ Kxh5 39.
Kxe4 1-0

[Event "ODJM A 2016"]
[Site "Willingen GER"]
[Date "2016.05.15"]
[Round "2"]
[White "Bilecen, Simon"]
[Black "Bethke, Robert"]
[Result "0-1"]
[Termination "normal"]
[Board "35"]
[WhiteElo "1474"]
[BlackElo "1713"]
[PlyCount "46"]
[WhiteFideId "16225511"]
[BlackFideId "12959251"]
[EventCountry "GER"]
[EventRounds "9"]
[EventType "swiss"]
[EventDate "2016.05.14"]

1. e4 e5 2. Nf3 Nf6 3. Nc3 Nc6 4. Bc4 Bc5 5. d3 h6 6. Be3 Bb6 7. Nd5 d6 8. Nxb6
axb6 9. h3 Bd7 10. O-O O-O 11. c3 Na5 12. Nd2 Qe7 13. f4 Nxc4 14. Nxc4 exf4 15.
Bxf4 Be6 16. b3 Bxc4 17. bxc4 Kh7 18. Qe1 Ra5 19. g4 Kg8 20. Qf2 Rfa8 21. Bxh6
Nxg4 22. Qg3 Nxh6 23. Rf2 Rg5 0-1

[Event "ODJM A 2016"]
[Site "Willingen GER"]
[Date "2016.05.15"]
[Round "2"]
[White "Hinrichs, Niklas"]
[Black "Isler, Benjamin"]
[Result "1-0"]
[Termination "normal"]
[Board "37"]
[WhiteElo "1894"]
[BlackElo "1700"]
[PlyCount "69"]
[WhiteFideId "12942499"]
[BlackFideId "12975478"]
[EventCountry "GER"]
[EventRounds "9"]
[EventType "swiss"]
[EventDate "2016.05.14"]

1. d4 e6 2. c4 d5 3. Nc3 Nf6 4. cxd5 exd5 5. Bg5 Nbd7 6. e3 Bb4 7. Bd3 h6 8.
Bh4 c5 9. Nge2 cxd4 10. exd4 Bxc3+ 11. Nxc3 Qb6 12. Qe2+ Qe6 13. Qxe6+ fxe6 14.
O-O O-O 15. Rfe1 Nb6 16. Nb5 Ne8 17. Be7 Rf7 18. Bc5 Na4 19. Bg6 Nxb2 20. Bxf7+
Kxf7 21. Re3 Bd7 22. Rf3+ Kg6 23. Nd6 Nxd6 24. Bxd6 Nc4 25. Bf8 Kh7 26. Rf7 Nb6
27. Bxg7 Kg6 28. Re7 Rg8 29. Be5 h5 30. Rc1 Kf5 31. Rc3 h4 32. Rf3+ Kg6 33. Rf4
Rc8 34. Rg7+ Kh5 35. h3 1-0

[Event "ODJM A 2016"]
[Site "Willingen GER"]
[Date "2016.05.15"]
[Round "2"]
[White "Leser, Stefan"]
[Black "Kagan, Dennis"]
[Result "1-0"]
[Termination "normal"]
[Board "38"]
[WhiteElo "1708"]
[BlackElo "1974"]
[PlyCount "63"]
[WhiteFideId "12997706"]
[BlackFideId "12983578"]
[EventCountry "GER"]
[EventRounds "9"]
[EventType "swiss"]
[EventDate "2016.05.14"]

1. e4 c5 2. Nf3 d6 3. d4 cxd4 4. Nxd4 Nf6 5. Nc3 Nc6 6. Bg5 Bd7 7. Qd2 a6 8.
O-O-O e6 9. f3 h6 10. Be3 b5 11. Nxc6 Bxc6 12. Ne2 e5 13. Nc3 Qa5 14. Kb1 Qc7
15. g4 Be7 16. Nd5 Nxd5 17. exd5 Bb7 18. h4 Rc8 19. Bh3 Rb8 20. Qf2 Bd8 21. f4
Qc4 22. Bf1 Qe4 23. Bg2 Qc4 24. fxe5 dxe5 25. Rhf1 Qc7 26. g5 hxg5 27. d6 Qd7
28. Bh3 f5 29. Bxf5 Qf7 30. Bg6 Qxg6 31. d7+ Ke7 32. Bc5+ 1-0

[Event "ODJM A 2016"]
[Site "Willingen GER"]
[Date "2016.05.15"]
[Round "2"]
[White "Fuhrmann, Äke"]
[Black "Ortmeier, Leonhard"]
[Result "1/2-1/2"]
[Termination "normal"]
[Board "39"]
[WhiteElo "1654"]
[BlackElo "1896"]
[PlyCount "60"]
[WhiteFideId "12983853"]
[BlackFideId "12993662"]
[EventCountry "GER"]
[EventRounds "9"]
[EventType "swiss"]
[EventDate "2016.05.14"]

1. c4 c5 2. g3 g6 3. Bg2 Bg7 4. Nc3 Nc6 5. d3 e6 6. e4 Nge7 7. Nge2 O-O 8. O-O
a6 9. Rb1 Rb8 10. a3 b5 11. cxb5 axb5 12. b4 cxb4 13. axb4 Nd4 14. Nxd4 Bxd4
15. Ne2 Bg7 16. Bb2 d5 17. Bxg7 Kxg7 18. Qc2 Bb7 19. Qb2+ Kg8 20. Nd4 Qd7 21.
Nb3 Rfc8 22. Nc5 Qd6 23. Rfc1 Rc7 24. Rc2 Bc8 25. e5 Qb6 26. Ra1 Kg7 27. Rc3
Ra7 28. Rxa7 Qxa7 29. Ra3 Qb6 30. d4 h5 1/2-1/2

[Event "ODJM A 2016"]
[Site "Willingen GER"]
[Date "2016.05.15"]
[Round "2"]
[White "Lohrmann, Tabea"]
[Black "Wolff, Marie Antoinette"]
[Result "1-0"]
[Termination "normal"]
[Board "40"]
[WhiteElo "1649"]
[BlackElo "1786"]
[PlyCount "63"]
[WhiteFideId "12911941"]
[BlackFideId "12908258"]
[EventCountry "GER"]
[EventRounds "9"]
[EventType "swiss"]
[EventDate "2016.05.14"]

1. e4 c5 2. Nf3 Nc6 3. d4 cxd4 4. Nxd4 d6 5. Nc3 g6 6. Be3 Bg7 7. f3 Bd7 8. Qd2
a6 9. O-O-O Rc8 10. Kb1 b5 11. g4 Nf6 12. h4 Nxd4 13. Bxd4 O-O 14. h5 Rc6 15.
Nd5 e5 16. Be3 Nxd5 17. exd5 Rc8 18. Bd3 Qf6 19. Be4 Qd8 20. hxg6 fxg6 21. Qh2
Rf7 22. Qxh7+ Kf8 23. Bxg6 Rxf3 24. Bh6 Qf6 25. g5 Qxg6 26. Qxg6 Bxh6 27. Rxh6
Bg4 28. Qxd6+ Kg8 29. Qg6+ Kf8 30. d6 Rh3 31. Rxh3 Bxh3 32. Rh1 1-0

[Event "ODJM A 2016"]
[Site "Willingen GER"]
[Date "2016.05.15"]
[Round "2"]
[White "Weinkauf, Viktor"]
[Black "Melde, Benjamin"]
[Result "1-0"]
[Termination "normal"]
[Board "41"]
[WhiteElo "1847"]
[BlackElo "1707"]
[PlyCount "75"]
[WhiteFideId "1272036"]
[BlackFideId "12958816"]
[EventCountry "GER"]
[EventRounds "9"]
[EventType "swiss"]
[EventDate "2016.05.14"]

1. c4 e5 2. Nc3 Nc6 3. g3 Bb4 4. Bg2 f5 5. Nd5 Be7 6. d3 Nf6 7. Nf3 d6 8. b4 a6
9. Qb3 O-O 10. O-O e4 11. dxe4 Nxe4 12. Bb2 Be6 13. Rfd1 Qd7 14. Nd4 Nxd4 15.
Nxe7+ Qxe7 16. Rxd4 b5 17. Bxe4 fxe4 18. Rxe4 Qf7 19. Qc3 Bh3 20. f3 Rae8 21.
Rh4 Bf5 22. Rf4 Qg6 23. cxb5 Rxe2 24. bxa6 Ra8 25. Rxf5 Rxb2 26. Rf4 Rc2 27.
Qb3+ Kh8 28. Re1 d5 29. Qxd5 Qxa6 30. b5 Qb6+ 31. Rd4 Rcxa2 32. Qxa2 Qxd4+ 33.
Qf2 Qd5 34. Qe2 Rf8 35. f4 Qc5+ 36. Kg2 h6 37. Qe7 Qd5+ 38. Kf2 1-0

[Event "ODJM A 2016"]
[Site "Willingen GER"]
[Date "2016.05.15"]
[Round "2"]
[White "Thumm, Niklas"]
[Black "Wolf, Philipp"]
[Result "1/2-1/2"]
[Termination "normal"]
[Board "42"]
[WhiteElo "1788"]
[BlackElo "1592"]
[PlyCount "49"]
[WhiteFideId "12918733"]
[BlackFideId "12958948"]
[EventCountry "GER"]
[EventRounds "9"]
[EventType "swiss"]
[EventDate "2016.05.14"]

1. e4 c5 2. Nc3 e6 3. f4 Nc6 4. Nf3 Be7 5. Bc4 a6 6. a4 d6 7. d3 Nf6 8. O-O O-O
9. Re1 d5 10. Bb3 b6 11. Ne5 Bb7 12. exd5 exd5 13. Nf3 Re8 14. Bd2 Rc8 15. Ne2
d4 16. Ng3 b5 17. axb5 axb5 18. Nf5 Qd7 19. Nxe7+ Rxe7 20. Ng5 Rf8 21. c3 h6
22. Nf3 Rxe1+ 23. Bxe1 Re8 24. Bd2 Ng4 25. Ne1 1/2-1/2

[Event "ODJM A 2016"]
[Site "Willingen GER"]
[Date "2016.05.15"]
[Round "2"]
[White "Bilau, Max"]
[Black "Wastian, Jan"]
[Result "1/2-1/2"]
[Termination "normal"]
[Board "43"]
[WhiteElo "1645"]
[BlackElo "1798"]
[PlyCount "40"]
[WhiteFideId "12974838"]
[BlackFideId "12911640"]
[EventCountry "GER"]
[EventRounds "9"]
[EventType "swiss"]
[EventDate "2016.05.14"]

1. d4 d5 2. Nf3 Nf6 3. Nc3 Bf5 4. Bf4 a6 5. e3 e6 6. a3 c5 7. Bd3 Bxd3 8. cxd3
Nc6 9. dxc5 Bxc5 10. d4 Be7 11. O-O Nh5 12. Bg3 Nxg3 13. hxg3 O-O 14. Rc1 Bd6
15. b4 Ne7 16. Na4 b6 17. Qb3 a5 18. b5 Rb8 19. Ne1 Qd7 20. Nd3 Qb7 1/2-1/2

[Event "ODJM A 2016"]
[Site "Willingen GER"]
[Date "2016.05.15"]
[Round "2"]
[White "Kappelmann, Florian"]
[Black "Reck, Jessica"]
[Result "1-0"]
[Termination "normal"]
[Board "44"]
[WhiteElo "1643"]
[BlackElo "1692"]
[PlyCount "83"]
[WhiteFideId "12973165"]
[BlackFideId "12917931"]
[EventCountry "GER"]
[EventRounds "9"]
[EventType "swiss"]
[EventDate "2016.05.14"]

1. d4 g6 2. Bf4 Bg7 3. e3 d6 4. Nf3 Nd7 5. c4 e5 6. Bg3 Ne7 7. Nc3 Nf5 8. Be2
O-O 9. Rc1 Re8 10. O-O Nxg3 11. hxg3 e4 12. Nd2 f5 13. b4 c5 14. bxc5 dxc5 15.
d5 a6 16. Nb3 b6 17. Qd2 Ne5 18. a4 a5 19. Rb1 Ba6 20. Nb5 Bxb5 21. cxb5 Qd6
22. f4 exf3 23. gxf3 Rad8 24. Rbd1 Re7 25. f4 Nd7 26. Bf3 Nf6 27. Rfe1 Ne4 28.
Bxe4 Rxe4 29. Qa2 Rde8 30. Kf2 Rb4 31. Re2 Ree4 32. Nd2 Re8 33. Nc4 Qd8 34. d6
Re4 35. Nd2+ Kh8 36. Nxe4 Rxe4 37. d7 c4 38. Rc2 c3 39. Qf7 Re7 40. Qd5 h6 41.
Qc6 Rf7 42. Qxb6 1-0

[Event "ODJM A 2016"]
[Site "Willingen GER"]
[Date "2016.05.15"]
[Round "2"]
[White "Walow, Xenia"]
[Black "Bangert, Benjamin"]
[Result "0-1"]
[Termination "normal"]
[Board "45"]
[WhiteElo "1575"]
[BlackElo "1776"]
[PlyCount "64"]
[WhiteFideId "12971839"]
[BlackFideId "24692654"]
[EventCountry "GER"]
[EventRounds "9"]
[EventType "swiss"]
[EventDate "2016.05.14"]

1. d4 Nf6 2. Nf3 e6 3. e3 d5 4. Bd3 Nbd7 5. b3 Bd6 6. Bb2 O-O 7. Nbd2 c5 8. O-O
Qc7 9. c4 b6 10. Qc2 cxd4 11. exd4 Bb7 12. Rfe1 dxc4 13. bxc4 h6 14. Rac1 Rac8
15. Ne4 Bf4 16. Ba3 Rfe8 17. Rb1 Nxe4 18. Bxe4 Bxe4 19. Qxe4 Nf6 20. Qe2 Qxc4
21. g3 Qa4 22. Qd3 Nd5 23. Rb3 Bb8 24. Qd2 Rc6 25. Rc1 Rec8 26. Rxc6 Rxc6 27.
Qd3 a6 28. Qd2 Ba7 29. Ne5 Rc8 30. Qd3 b5 31. Bb2 Qxa2 32. Ba3 Qa1+ 0-1

[Event "ODJM A 2016"]
[Site "Willingen GER"]
[Date "2016.05.15"]
[Round "2"]
[White "Aengenheister, Dennis"]
[Black "Lehmann, Tim"]
[Result "1-0"]
[Termination "normal"]
[Board "46"]
[WhiteElo "1749"]
[BlackElo "1613"]
[PlyCount "61"]
[WhiteFideId "16225490"]
[BlackFideId "12979171"]
[EventCountry "GER"]
[EventRounds "9"]
[EventType "swiss"]
[EventDate "2016.05.14"]

1. f4 d5 2. Nf3 Nf6 3. e3 e6 4. b3 Be7 5. Bb2 b6 6. Bd3 Bb7 7. O-O c5 8. Ne5
Nc6 9. Nc3 a6 10. a3 Qc7 11. Ne2 Bd6 12. Nxc6 Qxc6 13. Ng3 b5 14. Rf2 O-O-O 15.
a4 b4 16. a5 Be7 17. c3 bxc3 18. Bxc3 h5 19. h3 h4 20. Ne2 c4 21. Nd4 Qc7 22.
Bc2 Bd6 23. Nf5 cxb3 24. Bd3 Kd7 25. Qxb3 Rb8 26. Qc2 Ne8 27. Rc1 f6 28. Nd4 f5
29. Rff1 Nf6 30. Qa4+ Ke7 31. Nxf5+ 1-0

[Event "ODJM A 2016"]
[Site "Willingen GER"]
[Date "2016.05.15"]
[Round "2"]
[White "Wagner, Swenja"]
[Black "Brunner, Tobias"]
[Result "1-0"]
[Termination "normal"]
[Board "47"]
[WhiteElo "1673"]
[BlackElo "1762"]
[PlyCount "81"]
[WhiteFideId "12900494"]
[BlackFideId "12949833"]
[EventCountry "GER"]
[EventRounds "9"]
[EventType "swiss"]
[EventDate "2016.05.14"]

1. e4 d5 2. exd5 Qxd5 3. Nc3 Qa5 4. d4 c6 5. Bc4 Nf6 6. Bd2 Qc7 7. Nf3 Bf5 8.
O-O e6 9. Re1 Be7 10. Ne2 Nbd7 11. Bf4 Qb6 12. Bb3 a5 13. c3 O-O 14. Ng3 Bg4
15. h3 Bxf3 16. Qxf3 a4 17. Bc2 Qxb2 18. Qd3 Qb5 19. Qxb5 cxb5 20. Rab1 Rfc8
21. Bd2 b4 22. Be4 Nxe4 23. Nxe4 f5 24. Nc5 Nxc5 25. dxc5 bxc3 26. Bxc3 Bxc5
27. Rxb7 Bf8 28. Bd4 Rc4 29. Be5 Re8 30. Rd1 Re7 31. Rb8 Kf7 32. Rdd8 Rc1+ 33.
Kh2 Rc2 34. Rxf8+ Kg6 35. Rb2 Rxb2 36. Bxb2 Rb7 37. Be5 Rb5 38. f4 Rb4 39. Rg8
Re4 40. Rxg7+ Kh6 41. Re7 1-0

[Event "ODJM A 2016"]
[Site "Willingen GER"]
[Date "2016.05.15"]
[Round "2"]
[White "Krauße, Sandro"]
[Black "Pahl, Theis"]
[Result "1-0"]
[Termination "normal"]
[Board "48"]
[WhiteElo "1734"]
[BlackElo "1583"]
[PlyCount "99"]
[WhiteFideId "12953733"]
[BlackFideId "16201264"]
[EventCountry "GER"]
[EventRounds "9"]
[EventType "swiss"]
[EventDate "2016.05.14"]

1. e4 e5 2. Nf3 Nc6 3. Bc4 Bc5 4. O-O Nf6 5. Nc3 O-O 6. d3 h6 7. h3 a6 8. a3 d6
9. Re1 Be6 10. Bxe6 fxe6 11. Be3 Bxe3 12. fxe3 d5 13. Nd2 Qe8 14. Qe2 Qg6 15.
Rf1 Ne7 16. exd5 exd5 17. b4 Nh5 18. Rxf8+ Rxf8 19. Rf1 Nf5 20. Rf3 d4 21. Nd5
Rf7 22. e4 Nfg3 23. Qf2 Rxf3 24. Qxf3 Qg5 25. Nb3 c6 26. Nb6 Nf6 27. Nc4 h5 28.
Nca5 b6 29. Nxc6 Nd7 30. Ne7+ Kh7 31. Nf5 Nxf5 32. exf5 Qe3+ 33. Qxe3 dxe3 34.
Kf1 Kh6 35. Ke2 Kg5 36. Kxe3 Kxf5 37. Nd2 g5 38. Nc4 h4 39. a4 g4 40. b5 a5 41.
c3 g3 42. d4 e4 43. Nd6+ Ke6 44. Nxe4 Kf5 45. c4 Ke6 46. c5 bxc5 47. Nxc5+ Nxc5
48. dxc5 Kd5 49. c6 Kd6 50. Kf4 1-0

[Event "ODJM A 2016"]
[Site "Willingen GER"]
[Date "2016.05.15"]
[Round "2"]
[White "Behringer, Tom"]
[Black "Cejda, Moritz"]
[Result "1-0"]
[Termination "normal"]
[Board "50"]
[WhiteElo "1774"]
[BlackElo "1655"]
[PlyCount "34"]
[WhiteFideId "16203496"]
[BlackFideId "12925152"]
[EventCountry "GER"]
[EventRounds "9"]
[EventType "swiss"]
[EventDate "2016.05.14"]

1. d4 e6 2. e4 d5 3. e5 c5 4. c3 Qb6 5. Nf3 Nc6 6. Bd3 Bd7 7. O-O cxd4 8. cxd4
Nxd4 9. Nxd4 Qxd4 10. Nc3 Qb6 11. Qg4 Ne7 12. Be3 Qc7 13. Rac1 Nc6 14. Nb5 Qd8
15. f4 a6 16. Nd6+ Bxd6 17. Qxg7 Ke7 1-0